000 01001nam a2200301 a 4500
001 000023325
003 DO-SdBNP
005 20240126100444.0
008 101202s2006 sp a r 000 | spa d
020 _a8496546438
040 _aDO-SdBNP
_bspa
_cBPMSU
082 _a641.1
_bA873n 2006
_222
100 1 _aAtkins, Robert C.
245 1 3 _aLa revolución dietética del Dr. Atkins :
_cRobert C. Atkins ; traducción Adolfo Martín.
260 _aBarcelona :
_bEdiciones B,
_c2006
300 _a661 p. ;
_c23 cm.
490 1 _aDivulgación
_v217
500 _a Programa más probodo, efectivo y seguro para adelgazar y no volver a engordar
534 _aTítulo original:
_tDr. Atkins' New Diet Revolution.
586 _aBest-Séller Mundial
590 _aInventariado, 2024/VM
650 4 _aAlimentación
650 4 _aAlimentos dietéticos.
650 4 _aDietas de reducción
700 1 _aIsern, Carolina
_etr.
910 _aVMateo V. Control de calidad. BPMSU
942 _2ddc
_cBK
999 _c14543
_d14543